COMMUNICATIONS SYSTEMS (Record no. 29060)

000 -LEADER
fixed length control field 00326nam a2200133Ia 4500
008 - FIXED-LENGTH DATA ELEMENTS--GENERAL INFORMATION
fixed length control field 200615s9999||||xx |||||||||||||| ||und||
020 ## - INTERNATIONAL STANDARD BOOK NUMBER
International Standard Book Number 9788126509041
082 ## - DEWEY DECIMAL CLASSIFICATION NUMBER
Classification number 621.3
Item number COM-S
100 ## - MAIN ENTRY--PERSONAL NAME
Personal name SIMON HAYKIN,
245 #0 - TITLE STATEMENT
Title COMMUNICATIONS SYSTEMS
250 ## - EDITION STATEMENT
Edition statement PAPERBACK; 2000
260 ## - PUBLICATION, DISTRIBUTION, ETC.
Place of publication, distribution, etc. new delhi
Name of publisher, distributor, etc. WILEY
Date of publication, distribution, etc. 2017
942 ## - ADDED ENTRY ELEMENTS (KOHA)
Koha item type Book
Holdings
Withdrawn status Lost status Source of classification or shelving scheme Damaged status Not for loan Collection code Permanent Location Current Location Shelving location Date acquired Total Checkouts Full call number Barcode Date last seen Price effective from Koha item type
          School of Engineering Maharishi School of Engineering & Technology (Lucknow) Maharishi School of Engineering & Technology (Lucknow) R63S1 2020-06-15   600 SOE03132 2020-06-15 2020-06-15 Reference Book

All Rights Reserved@MUIT

Powered by Koha